Περιβαλλοντική εκπαίδευση : περιβάλλον, αειφορία ; θεωρητικές και παιδαγωγικές προσεγγίσεις
Αποθηκεύτηκε σε:
| Κύριος συγγραφέας: | |
|---|---|
| Μορφή: | Βιβλίο |
| Γλώσσα: | Greek |
| Δημοσίευση: |
Θεσσαλονίκη :
Επίκεντρο,
c2009.
|
| Θέματα: | |
| Ετικέτες: |
Προσθήκη ετικέτας
Δεν υπάρχουν, Καταχωρήστε ετικέτα πρώτοι!
|
MARC
| LEADER | 00000cam a2200000 i 4500 | ||
|---|---|---|---|
| 001 | 1/17095 | ||
| 008 | 111212s2009 gr | ||| |||| ||gre|| | ||
| 020 | |a 9789604582143 | ||
| 035 | |l 10111590 | ||
| 040 | |a GR-MY-UA |b gre |e aacr | ||
| 041 | 0 | |a gre | |
| 082 | 7 | |a 372.357 |2 (22) | |
| 100 | 1 | |a Δημητρίου, Αναστασία. | |
| 245 | 1 | 0 | |a Περιβαλλοντική εκπαίδευση : |b περιβάλλον, αειφορία ; θεωρητικές και παιδαγωγικές προσεγγίσεις / |c Αναστασία Δημητρίου. |
| 260 | |a Θεσσαλονίκη : |b Επίκεντρο, |c c2009. | ||
| 300 | |a 350 σ. ; |c 23 εκ. | ||
| 504 | |a Βιβλιογραφία : σ. 346-350. | ||
| 650 | 0 | 0 | |a Environmental education. |
| 650 | 0 | 0 | |a Environmental education |x Study and teaching. |
| 650 | 0 | 0 | |a Sustainable development |x Study and teaching. |
| 852 | |a INST |b RHODES |e 20130715 |h 372.357 ΔΗΜ |p 005400035450 |q 005400035450 |t BK |y 0 | ||
| 852 | |a INST |b RHODES |e 20230308 |h 372.357 ΔΗΜ |p 005400043447 |q 005400043447 |t BK |y 0 | ||
| 852 | |a INST |b RHODES |c EUDOXUS |e 20111212 |h 372.357 ΔΗΜ |p 005400033878 |q 005400033878 |t EDX |y 0 | ||
| 852 | |a INST |b RHODES |c EUDOXUS |e 20131217 |h 372.357 ΔΗΜ |p 005400035944 |q 005400035944 |t EDX |y 0 | ||
| 901 | |a BIBL4-2011-3 | ||
| 901 | |a BIBL4-2013-2 | ||
| 901 | |a BIBL4-2013-3 | ||
| 909 | |a Ρ |b 170514 | ||
| 909 | |a Ρ |b 176982 | ||
| 909 | |a Ρ |b 182452 | ||
| 920 | |a ΕΥΔΟΞΟΣ |b ΕΠΙΣΤΡΟΦΗ |y Ρόδος |z 2011-12 | ||
| 920 | |a ΕΥΔΟΞΟΣ |b ΕΠΙΣΤΡΟΦΗ |y Ρόδος |z 2013-12 | ||
| 970 | |z 2011/12/12 | ||